000 00998nam a22002651u 4500
001 02998
003 HDC
007 cr bn ---
008 201226p2015 xx fo d 00 indg
040 _aHDC
100 _aMagfiroh,
_eauthor
_91671
245 0 _aPENGARUH FAKTOR PERSONAL, FAKTOR SOSIAL, FAKTOR INFORMASI DAN SIKAP TERHADAP NIAT (INTENSI) MEMBELI MAKANAN BERLABEL HALAL LPPOM-MUI PADA MAHASISWA NON MUSLIM DI UNY /
_cby Magfiroh
260 _a[No Place] :
_b[publisher not identified],
_c2015
300 _a172 pages
336 _atext
_2rdacontent
337 _acomputer
_2rdamedia
338 _aonline resource
_2rdacarrier
650 _aFood
_xReligious aspects
_xIslam
_9239
650 _aHalal food
_950
650 _aStudents
_zIndonesia
_91672
856 _zRequest full-text at [email protected]
942 _2lcc
942 _cTHE
942 _kTHES 000062
999 _c384
_d384